[Event "BL 1112 SC Remagen - Werder Bremen"]
[Site "?"]
[Date "2012.02.25"]
[Round "10.6"]
[White "Michiels, Bart"]
[Black "Hracek, Zbynek"]
[Result "1/2-1/2"]
[WhiteElo "2501"]
[BlackElo "2624"]
[PlyCount "51"]
[EventDate "2012.??.??"]

1. d4 Nf6 2. c4 e6 3. Nc3 Bb4 4. Qc2 O-O 5. a3 Bxc3+ 6. Qxc3 b6 7. Bg5 Bb7 8.
f3 h6 9. Bh4 d5 10. e3 Nbd7 11. cxd5 Nxd5 12. Bxd8 Nxc3 13. Bh4 Nd5 14. Bf2 Ne7
15. Ne2 c5 16. e4 Rac8 17. Nc3 cxd4 18. Bxd4 Nc5 19. Rd1 Rfd8 20. Be2 Nb3 21.
Be3 Rxd1+ 22. Bxd1 Na5 23. Be2 Nc4 24. Bxc4 Rxc4 25. Kf2 Rc8 26. Rd1 1/2-1/2

[Event "BL 1112 SC Remagen - Werder Bremen"]
[Site "?"]
[Date "2012.02.25"]
[Round "10.7"]
[White "Rapport, Richard"]
[Black "Teske, Henrik"]
[Result "1/2-1/2"]
[WhiteElo "2547"]
[BlackElo "2547"]
[PlyCount "48"]
[EventDate "2012.??.??"]

1. Nf3 d5 2. d4 Nf6 3. c4 e6 4. Nc3 c5 5. cxd5 Nxd5 6. g3 Nc6 7. Bg2 cxd4 8.
Nxd4 Nxc3 9. bxc3 Nxd4 10. Qxd4 Qxd4 11. cxd4 Bb4+ 12. Bd2 Bxd2+ 13. Kxd2 Ke7
14. Rhc1 Rd8 15. Rc4 Rd6 16. Rac1 Kd8 17. Ke3 Rb8 18. g4 h6 19. h4 f6 20. g5
Bd7 21. gxh6 gxh6 22. Bf3 b5 23. Rc5 Ra6 24. Bc6 Ra3+ 1/2-1/2

[Event "BL 1112 SC Remagen - Werder Bremen"]
[Site "?"]
[Date "2012.02.25"]
[Round "10.8"]
[White "Schulz, Klaus-Juergen"]
[Black "Babula, Vlastimil"]
[Result "0-1"]
[WhiteElo "2365"]
[BlackElo "2572"]
[PlyCount "120"]
[EventDate "2012.??.??"]

1. d4 Nf6 2. Nf3 e6 3. c4 Bb4+ 4. Bd2 a5 5. g3 c5 6. dxc5 Bxc5 7. Nc3 Nc6 8.
Bg2 h6 9. O-O O-O 10. Bf4 d6 11. Na4 e5 12. Nxc5 exf4 13. Nd3 fxg3 14. hxg3 Re8
15. Nf4 Qb6 16. b3 Bf5 17. e3 Rad8 18. Nd4 Be4 19. Bxe4 Rxe4 20. Nde2 Ne7 21.
Qd3 d5 22. Rfd1 Rd7 23. Nd4 dxc4 24. Qxc4 Nc6 25. Qb5 Qd8 26. Nfe2 Re5 27. Qc4
Ne4 28. Kg2 Nb4 29. Nf3 Re8 30. Rxd7 Qxd7 31. Qd4 Qb5 32. Nc3 Qc6 33. Nxe4 Rxe4
34. Qd8+ Re8 35. Qd2 Rc8 36. Rd1 g5 37. g4 Qe4 38. Qd7 Rc2 39. Kg3 Nc6 40. Rd6
Kg7 41. Qxb7 Rc1 42. Qb5 Rc2 43. a3 Rc3 44. Qf5 Qe7 45. Rd7 Qe8 46. Nxg5 hxg5
47. Qxg5+ Kf8 48. Qh6+ Kg8 49. Qg5+ Kf8 50. Rd5 Qb8+ 51. Kg2 Qxb3 52. Qh6+ Ke8
53. Qd6 Qc4 54. Rg5 Ne7 55. Qb8+ Qc8 56. Qe5 Qc6+ 57. Kg3 Rc1 58. Rg8+ Kd7 59.
Qd4+ Ke6 60. f3 Nxg8 0-1

[Event "BL 1112 SG Solingen - Turm Emsdetten"]
[Site "?"]
[Date "2012.02.25"]
[Round "10.3"]
[White "Ipatov, Alexander"]
[Black "Stellwagen, Daniel"]
[Result "1/2-1/2"]
[WhiteElo "2591"]
[BlackElo "2625"]
[PlyCount "61"]
[EventDate "2012.??.??"]

1. d4 Nf6 2. c4 g6 3. Nc3 Bg7 4. e4 d6 5. Nf3 O-O 6. h3 Na6 7. Bg5 Qe8 8. g4 c5
9. Bg2 Bd7 10. O-O cxd4 11. Nxd4 Rc8 12. b3 h5 13. Bxf6 Bxf6 14. gxh5 Rc5 15.
Nd5 Bg7 16. hxg6 fxg6 17. Rc1 e6 18. Ne3 Rh5 19. Ng4 Qe7 20. e5 Bxe5 21. Nxe5
dxe5 22. Ne2 Bc6 23. Rc3 Bxg2 24. Kxg2 Nc5 25. Ng3 Rh4 26. b4 Nd7 27. a3 a5 28.
Qb1 Kh7 29. bxa5 Nc5 30. Re3 Qg5 31. Qb6 1/2-1/2

[Event "BL 1112 SG Solingen - Turm Emsdetten"]
[Site "?"]
[Date "2012.02.25"]
[Round "10.4"]
[White "L'Ami, Erwin"]
[Black "Grandelius, Nils"]
[Result "1/2-1/2"]
[WhiteElo "2592"]
[BlackElo "2536"]
[PlyCount "76"]
[EventDate "2012.??.??"]

1. d4 Nf6 2. c4 e6 3. Nf3 d5 4. Nc3 Bb4 5. Bg5 h6 6. Bxf6 Qxf6 7. e3 O-O 8. Qb3
c5 9. cxd5 exd5 10. dxc5 Bxc3+ 11. Qxc3 Qxc3+ 12. bxc3 Nd7 13. Rd1 Nxc5 14.
Rxd5 b6 15. Rd4 Be6 16. c4 Rac8 17. g4 Rfd8 18. Rg1 Nb7 19. g5 Rxd4 20. Nxd4
Bxc4 21. gxh6 g6 22. Bxc4 Rxc4 23. Rg4 Nc5 24. h4 Ra4 25. h5 Kh7 26. hxg6+ fxg6
27. Rh4 Rxa2 28. f4 a5 29. Nf3 Ne4 30. Rg4 Ra1+ 31. Ke2 Ra2+ 32. Ke1 Kxh6 33.
Ne5 g5 34. fxg5+ Nxg5 35. Rh4+ Kg7 36. Rg4 Kf6 37. Nd7+ Ke6 38. Nxb6 Nf3+
1/2-1/2

[Event "BL 1112 SG Solingen - Turm Emsdetten"]
[Site "?"]
[Date "2012.02.25"]
[Round "10.7"]
[White "Janssen, Ruud"]
[Black "Naumann, Alexander"]
[Result "1/2-1/2"]
[WhiteElo "2498"]
[BlackElo "2546"]
[PlyCount "48"]
[EventDate "2012.??.??"]

1. Nf3 Nf6 2. g3 g6 3. b3 Bg7 4. Bb2 O-O 5. Bg2 d5 6. c4 c6 7. d3 Bg4 8. Nbd2
Nbd7 9. O-O Re8 10. h3 Bxf3 11. Nxf3 e5 12. cxd5 Nxd5 13. Qc2 Qe7 14. Nd2 Nf8
15. a3 Ne6 16. e3 Rac8 17. Nc4 Qc7 18. Rac1 Nb6 19. b4 Nxc4 20. dxc4 Rcd8 21.
Rcd1 f5 22. c5 e4 23. h4 Bxb2 24. Qxb2 Qg7 1/2-1/2

[Event "BL 1112 SG Solingen - Turm Emsdetten"]
[Site "?"]
[Date "2012.02.25"]
[Round "10.8"]
[White "Hoffmann, Michael"]
[Black "Pruijssers, Roeland"]
[Result "1/2-1/2"]
[WhiteElo "2496"]
[BlackElo "2475"]
[PlyCount "59"]
[EventDate "2012.??.??"]

1. c4 f5 2. Nc3 Nf6 3. d4 g6 4. g3 Bg7 5. Bg2 O-O 6. Nh3 d6 7. d5 Na6 8. Nf4 e5
9. dxe6 c6 10. Be3 Qe7 11. Qd2 Nc7 12. Rd1 Ng4 13. O-O Nxe3 14. Qxe3 Be5 15.
Qd2 Nxe6 16. e3 Nd8 17. b4 Qf7 18. Rc1 g5 19. Nh3 g4 20. Nf4 Be6 21. Nxe6 Nxe6
22. b5 Rac8 23. bxc6 bxc6 24. Qc2 f4 25. exf4 Nxf4 26. Qe4 Qg7 27. gxf4 Bxc3
28. Qe6+ Kh8 29. Qxd6 c5 30. Rb1 1/2-1/2

[Event "BL 1112 SV Mülheim Nord - Hansa Dortmun"]
[Site "?"]
[Date "2012.02.26"]
[Round "11.2"]
[White "Landa, Konstantin"]
[Black "Kohlweyer, Bernd"]
[Result "1/2-1/2"]
[WhiteElo "2639"]
[BlackElo "2458"]
[PlyCount "91"]
[EventDate "2012.??.??"]

1. d4 Nf6 2. c4 e6 3. Nc3 Bb4 4. g3 c5 5. Nf3 cxd4 6. Nxd4 O-O 7. Bg2 d5 8. Qb3
Bxc3+ 9. Qxc3 e5 10. Nb3 Nc6 11. cxd5 Nxd5 12. Qd2 Nce7 13. O-O b6 14. f4 exf4
15. gxf4 Bb7 16. f5 Qc7 17. e4 Nf6 18. Qe2 Nc6 19. Bf4 Ne5 20. Rac1 Qe7 21.
Rfd1 Rfc8 22. Qb5 Re8 23. Rd4 h6 24. Nd2 Rac8 25. Rxc8 Bxc8 26. Bxe5 Qxe5 27.
Qxe5 Rxe5 28. Nc4 Re7 29. e5 Nd7 30. Nd6 Ba6 31. e6 fxe6 32. fxe6 Nf6 33. Bh3
Rc7 34. Bf5 Kf8 35. Rd2 Bb7 36. Nxb7 Rxb7 37. Kf2 Ke7 38. Rc2 Kd6 39. Ke3 Ke5
40. Bh3 g5 41. Kf3 Nd5 42. Re2+ Kf6 43. Rd2 Ke5 44. Re2+ Kf6 45. Rd2 Ke5 46.
Re2+ 1/2-1/2

[Event "BL 1112 SV Mülheim Nord - Hansa Dortmun"]
[Site "?"]
[Date "2012.02.26"]
[Round "11.3"]
[White "Schmittdiel, Eckhard"]
[Black "Berelowitsch, Alexander"]
[Result "0-1"]
[WhiteElo "2466"]
[BlackElo "2563"]
[PlyCount "88"]
[EventDate "2012.??.??"]

1. e4 e6 2. d4 d5 3. Nc3 Bb4 4. e5 c5 5. a3 Ba5 6. b4 cxd4 7. Nb5 Bc7 8. f4 Ne7
9. Nf3 Bd7 10. Nxc7+ Qxc7 11. Bd3 Ba4 12. Bb2 Nbc6 13. O-O Qb6 14. Qe2 Bb5 15.
Rf2 a6 16. Rd1 Nf5 17. g4 Ne3 18. Bxd4 Nxd4 19. Qxe3 Nxf3+ 20. Qxf3 O-O-O 21.
Bxb5 Qxb5 22. Rd4 Kb8 23. f5 Rc8 24. fxe6 fxe6 25. Rf4 Qb6 26. Kg2 Rc7 27. Qd3
h6 28. h3 Rhc8 29. Rf8 Rxf8 30. Rxf8+ Ka7 31. c3 Rc4 32. Rf3 Re4 33. Rf7 Qc6
34. Qf3 g5 35. Rf6 Rxe5 36. Rxh6 Re4 37. Rf6 d4 38. cxd4 Qc2+ 39. Kg3 Qc7+ 40.
Kg2 Qc2+ 41. Kg3 Re1 42. h4 Qd2 43. Qf2 Re2 44. Qf1 Qc3+ 0-1

[Event "BL 1112 SV Mülheim Nord - Hansa Dortmun"]
[Site "?"]
[Date "2012.02.26"]
[Round "11.5"]
[White "Wegener, Olaf"]
[Black "Hausrath, Daniel"]
[Result "1/2-1/2"]
[WhiteElo "2423"]
[BlackElo "2507"]
[PlyCount "42"]
[EventDate "2012.??.??"]

1. e4 c5 2. Nf3 Nc6 3. d4 cxd4 4. Nxd4 g6 5. c4 Bg7 6. Be3 Nf6 7. Nc3 d6 8. Be2
O-O 9. O-O Bd7 10. Qd2 Nxd4 11. Bxd4 Bc6 12. f3 Nd7 13. Be3 a5 14. b3 Nc5 15.
Rab1 Qb6 16. Rfc1 Rfc8 17. Rc2 Qd8 18. Bf1 h5 19. a3 Kh7 20. b4 axb4 21. axb4
Ne6 1/2-1/2

[Event "BL 1112 SV Mülheim Nord - Hansa Dortmun"]
[Site "?"]
[Date "2012.02.26"]
[Round "11.6"]
[White "Levin, Felix"]
[Black "Karger, Frank"]
[Result "1/2-1/2"]
[WhiteElo "2482"]
[BlackElo "2233"]
[PlyCount "157"]
[EventDate "2012.??.??"]

1. Nf3 c5 2. c4 Nf6 3. Nc3 e6 4. g3 b6 5. Bg2 Bb7 6. O-O Be7 7. d4 cxd4 8. Qxd4
d6 9. Rd1 a6 10. Bg5 Nbd7 11. Qd2 Qc7 12. Bf4 Rc8 13. Rac1 O-O 14. Bxd6 Bxd6
15. Qxd6 Qxd6 16. Rxd6 Rxc4 17. Ne5 Rc7 18. Nxd7 Nxd7 19. Rcd1 Bc8 20. a4 Ne5
21. Rxb6 Nc4 22. Rc6 Rxc6 23. Bxc6 Nxb2 24. Rd4 a5 25. Bb5 Bb7 26. Rd7 Rb8 27.
f3 g6 28. Kf2 Kf8 29. g4 g5 30. Rc7 Rc8 31. Rxb7 Rxc3 32. Ra7 Ra3 33. Rxa5 Nd1+
34. Ke1 Nc3 35. Bc6 Ra2 36. e4 Re2+ 37. Kf1 Rxh2 38. Rxg5 Ne2 39. e5 Nd4 40.
Be4 Ra2 41. Rh5 Rxa4 42. Kf2 Nb5 43. Bxh7 Nc3 44. Bd3 Ra2+ 45. Kg3 Rd2 46. Bf1
Nd5 47. Rh8+ Kg7 48. Rb8 Ne3 49. Bh3 Nd5 50. Rb3 Rd4 51. Bf1 Nf4 52. Ba6 Ra4
53. Bb7 Ng6 54. Rb5 Nf4 55. Rb3 Ng6 56. Rb5 Nf4 57. Kh4 Ne2 58. Rb2 Nf4 59. Be4
Ng6+ 60. Bxg6 Kxg6 61. Kg3 Ra3 62. Rb4 Re3 63. Kf4 Ra3 64. Re4 Ra1 65. Re3 Rg1
66. Ra3 Rg2 67. Ra8 Re2 68. Rg8+ Kh7 69. Rg5 Kh6 70. Rh5+ Kg6 71. Rh1 Kg7 72.
g5 Kg6 73. Rh6+ Kg7 74. Rf6 Rg2 75. Rh6 Re2 76. Rh1 Kg6 77. Rh8 Kg7 78. Rb8 Re1
79. Rc8 1/2-1/2

[Event "BL 1112 SV Mülheim Nord - Hansa Dortmun"]
[Site "?"]
[Date "2012.02.26"]
[Round "11.7"]
[White "Zelbel, Patrick"]
[Black "Saltaev, Mihail"]
[Result "1/2-1/2"]
[WhiteElo "2408"]
[BlackElo "2484"]
[PlyCount "47"]
[EventDate "2012.??.??"]

1. e4 c6 2. Nc3 d5 3. Qe2 dxe4 4. Nxe4 e6 5. d4 Be7 6. Bf4 Nf6 7. Nxf6+ Bxf6 8.
O-O-O O-O 9. Nf3 b6 10. Qe4 Qd5 11. Bd3 Qxe4 12. Bxe4 Bb7 13. Ne5 Be7 14. Rhe1
Rd8 15. Bf3 Bd6 16. Bg3 Kf8 17. Bh4 Be7 18. Bg3 Bd6 19. Kb1 a5 20. Re3 b5 21.
a4 Ra7 22. Bh4 f6 23. Nd3 Bc8 24. axb5 1/2-1/2

[Event "BL 1112 SV Mülheim Nord - Hansa Dortmun"]
[Site "?"]
[Date "2012.02.26"]
[Round "11.8"]
[White "Kaufeld, Juergen"]
[Black "Bluebaum, Matthias"]
[Result "1/2-1/2"]
[WhiteElo "2261"]
[BlackElo "2388"]
[PlyCount "59"]
[EventDate "2012.??.??"]

1. e4 e6 2. d4 d5 3. Nc3 Nf6 4. Bg5 dxe4 5. Nxe4 Be7 6. Bxf6 gxf6 7. Nf3 a6 8.
g3 f5 9. Nc3 O-O 10. Bg2 c5 11. d5 Bf6 12. O-O Bxc3 13. bxc3 exd5 14. Qd2 Kg7
15. Rad1 Be6 16. Nh4 Qf6 17. Bxd5 Rd8 18. c4 Nc6 19. Qe3 Nd4 20. c3 Bxd5 21.
cxd5 Re8 22. Qd3 Ne2+ 23. Kh1 Qxc3 24. Qxf5 Rad8 25. Qh5 Qf6 26. Nf5+ Kh8 27.
Nh6 Kg7 28. Nf5+ Kh8 29. Nh6 Kg7 30. Nf5+ 1/2-1/2

[Event "BL 1112 SF Katernberg - SV Wattenscheid"]
[Site "?"]
[Date "2012.02.26"]
[Round "11.2"]
[White "Fontaine, Robert"]
[Black "Najer, Evgeniy"]
[Result "1-0"]
[WhiteElo "2552"]
[BlackElo "2637"]
[PlyCount "83"]
[EventDate "2012.??.??"]

1. d4 Nf6 2. Nf3 d5 3. c4 c6 4. e3 Bg4 5. Qb3 Qb6 6. Nc3 e6 7. Nh4 Be7 8. h3
Bh5 9. g4 Bg6 10. Nxg6 hxg6 11. g5 Ne4 12. Nxe4 dxe4 13. Qc2 Qa5+ 14. Bd2 Qf5
15. f4 Na6 16. Bg2 Bb4 17. a3 Bxd2+ 18. Kxd2 e5 19. Bxe4 Qe6 20. fxe5 O-O-O 21.
Kc3 Rxh3 22. Rxh3 Qxh3 23. Qf2 Nc7 24. Rh1 Qe6 25. Rh7 Rg8 26. Qh4 Qe8 27. Bg2
Kb8 28. Bh3 a6 29. Qf4 Qe7 30. e4 Ne6 31. Bxe6 fxe6 32. Qf6 Qd7 33. Qxg6 Rf8
34. Qxg7 Rf3+ 35. Kc2 Rf2+ 36. Kc3 Rf3+ 37. Kc2 Rf2+ 38. Kb3 Rxb2+ 39. Kc3 Qxg7
40. Rxg7 Re2 41. Kd3 Ra2 42. d5 1-0

[Event "BL 1112 SF Katernberg - SV Wattenscheid"]
[Site "?"]
[Date "2012.02.26"]
[Round "11.3"]
[White "Bogner, Sebastian"]
[Black "Bischoff, Klaus"]
[Result "1-0"]
[WhiteElo "2534"]
[BlackElo "2547"]
[PlyCount "65"]
[EventDate "2012.??.??"]

1. d4 e6 2. c4 Bb4+ 3. Bd2 Bxd2+ 4. Qxd2 Nf6 5. Nc3 d5 6. e3 O-O 7. cxd5 exd5
8. Bd3 Qe7 9. Nge2 Nbd7 10. O-O b6 11. f3 c5 12. Rae1 Bb7 13. g4 Rfd8 14. Ng3
g6 15. h4 Nf8 16. g5 Ne8 17. f4 f5 18. Bxf5 gxf5 19. Nxf5 Qd7 20. Nh6+ Kh8 21.
f5 Nd6 22. Qh2 Nf7 23. Ng4 Qe7 24. Qf4 Ba6 25. Rf2 Rd6 26. dxc5 bxc5 27. b4 d4
28. bxc5 dxc3 29. cxd6 Qxd6 30. Nh6 Qxf4 31. Nxf7+ Kg7 32. exf4 Kxf7 33. Re3
1-0

[Event "BL 1112 SF Katernberg - SV Wattenscheid"]
[Site "?"]
[Date "2012.02.26"]
[Round "11.4"]
[White "Chuchelov, Vladimir"]
[Black "Rustemov, Alexander"]
[Result "1-0"]
[WhiteElo "2538"]
[BlackElo "2537"]
[PlyCount "89"]
[EventDate "2012.??.??"]

1. c4 e6 2. Nf3 d5 3. g3 Nf6 4. Bg2 Be7 5. O-O O-O 6. d4 c6 7. Qc2 Nbd7 8. Rd1
b6 9. Nc3 Bb7 10. b3 Rc8 11. e4 c5 12. exd5 exd5 13. Bf4 Re8 14. dxc5 dxc4 15.
b4 bxc5 16. b5 Qb6 17. a4 a5 18. Qf5 g6 19. Qh3 Qe6 20. Qxe6 fxe6 21. Ne5 Bxg2
22. Kxg2 Nb6 23. Nc6 Nfd5 24. Be5 Ra8 25. Nxd5 exd5 26. Bc7 Bf6 27. Ra2 Nd7 28.
Rxd5 Nf8 29. Bxa5 Ne6 30. Bb6 c3 31. a5 Nd4 32. Nxd4 cxd4 33. Bxd4 Bxd4 34.
Rxd4 Rec8 35. Rd1 Rc5 36. b6 c2 37. Rc1 Rcxa5 38. Rxa5 Rxa5 39. Rxc2 Rb5 40.
Rc8+ Kg7 41. Rc7+ Kf6 42. Rxh7 Rxb6 43. h4 Rb5 44. Kh3 Rb4 45. f4 1-0

[Event "BL 1112 SF Katernberg - SV Wattenscheid"]
[Site "?"]
[Date "2012.02.26"]
[Round "11.6"]
[White "Zaragatski, Ilja"]
[Black "Holzke, Frank Dr"]
[Result "1/2-1/2"]
[WhiteElo "2474"]
[BlackElo "2506"]
[PlyCount "79"]
[EventDate "2012.??.??"]

1. Nf3 c5 2. g3 g6 3. c4 Bg7 4. Bg2 Nc6 5. Nc3 e5 6. a3 Nge7 7. b4 e4 8. Ng5
cxb4 9. axb4 f5 10. c5 d5 11. cxd6 Qxd6 12. b5 Ne5 13. Ba3 Qf6 14. Nh3 O-O 15.
O-O Be6 16. d4 Nc4 17. Nf4 Bf7 18. e3 Rfc8 19. Bb4 a5 20. bxa6 bxa6 21. Nfe2 a5
22. Bc5 Rcb8 23. Rb1 Rxb1 24. Qxb1 Bf8 25. Qb7 Qa6 26. Qxa6 Rxa6 27. Na4 Nd2
28. Rd1 Bb3 29. Rxd2 Bxa4 30. Bf1 Ra8 31. Nc1 Bc6 32. d5 Nxd5 33. Bc4 Rd8 34.
Bb6 Bb4 35. Bxd8 Bxd2 36. Nb3 Bc3 37. Bxa5 Kf8 38. Bxc3 Nxc3 39. Nd4 Bd5 40.
Bxd5 1/2-1/2

[Event "BL 1112 SF Katernberg - SV Wattenscheid"]
[Site "?"]
[Date "2012.02.26"]
[Round "11.7"]
[White "Handke, Florian"]
[Black "Ris, Robert"]
[Result "1/2-1/2"]
[WhiteElo "2518"]
[BlackElo "2403"]
[PlyCount "54"]
[EventDate "2012.??.??"]

1. d4 Nf6 2. c4 g6 3. Nc3 d5 4. Bg5 Ne4 5. h4 c5 6. cxd5 Nxc3 7. bxc3 Qxd5 8.
Nf3 Nc6 9. e3 Bg7 10. Be2 cxd4 11. cxd4 O-O 12. h5 h6 13. Rc1 hxg5 14. Rc5 Qd6
15. Nxg5 b6 16. hxg6 bxc5 17. gxf7+ Rxf7 18. Bc4 e6 19. Nxf7 Kxf7 20. Qh5+ Ke7
21. Qh7 Kd7 22. Qxg7+ Ne7 23. O-O Bb7 24. dxc5 Qxc5 25. Rd1+ Bd5 26. Bxd5 exd5
27. Qg4+ Kc7 1/2-1/2

[Event "BL 1112 SF Katernberg - SV Wattenscheid"]
[Site "?"]
[Date "2012.02.26"]
[Round "11.8"]
[White "Hoolt, Sarah"]
[Black "Hirneise, Tobias"]
[Result "1/2-1/2"]
[WhiteElo "2286"]
[BlackElo "2446"]
[PlyCount "146"]
[EventDate "2012.??.??"]

1. e4 c5 2. Nf3 d6 3. d4 cxd4 4. Nxd4 Nf6 5. Nc3 Nc6 6. Bg5 e6 7. Qd2 a6 8.
O-O-O Bd7 9. f4 Be7 10. Be2 b5 11. Bf3 Rc8 12. Bxf6 gxf6 13. f5 h5 14. fxe6
fxe6 15. Nxc6 Bxc6 16. Kb1 Qa5 17. Rhe1 Qb4 18. Qe2 Qc5 19. Nd5 Bd7 20. Bxh5+
Kd8 21. Nf4 Qg5 22. g3 e5 23. h4 Qh6 24. Ng6 Qxh5 25. Nxh8 Qxh8 26. Rg1 Kc7 27.
h5 Qh7 28. g4 Rg8 29. Rg3 Bc6 30. Re3 Qh6 31. a4 Qf4 32. axb5 axb5 33. Rg1 Kb7
34. Rgg3 Bd8 35. Rd3 Bb6 36. Rgf3 Qxe4 37. Qd1 Bd8 38. Rfe3 Qf4 39. Rg3 f5 40.
Rg1 Bb6 41. Rf1 Qxg4 42. Rxd6 Qxd1+ 43. Rfxd1 Bf3 44. Rf1 e4 45. Rd5 f4 46. Rf5
e3 47. Rxf4 Bxh5 48. Re4 e2 49. Re1 Rg1 50. Rxg1 Bxg1 51. Kc1 Bf2 52. Kd2 e1=Q+
53. Rxe1 Bxe1+ 54. Kxe1 Kc6 55. Kd2 Kc5 56. Kc3 b4+ 57. Kd2 Kd5 58. Kc1 Ke4 59.
c3 b3 60. Kb1 Kd3 61. Ka1 Bf7 62. Kb1 Bc4 63. Ka1 Bb5 64. Kb1 Bc6 65. Ka1 Kc2
66. c4 Kd3 67. c5 Kd4 68. Kb1 Kxc5 69. Ka1 Kd4 70. Kb1 Kd3 71. Ka1 Bb5 72. Kb1
Kd2 73. Ka1 Kc2 1/2-1/2

[Event "BL 1112 Hamburger SK - SC Eppingen"]
[Site "?"]
[Date "2012.02.26"]
[Round "11.2"]
[White "Zherebukh, Yaroslaw"]
[Black "Bologan, Victor"]
[Result "1-0"]
[WhiteElo "2580"]
[BlackElo "2657"]
[PlyCount "109"]
[EventDate "2012.??.??"]

1. e4 c6 2. d4 d5 3. e5 Bf5 4. h4 h6 5. g4 Bd7 6. Nd2 c5 7. dxc5 e6 8. Nb3 Bxc5
9. Nxc5 Qa5+ 10. c3 Qxc5 11. Be3 Qc7 12. f4 Ne7 13. Nf3 Nbc6 14. Qd2 h5 15.
gxh5 Nf5 16. Bf2 Rxh5 17. Bd3 Nce7 18. O-O-O Qa5 19. Kb1 Bb5 20. Bc2 Rc8 21.
Rdg1 g6 22. Nd4 Nxd4 23. Bxd4 Qa6 24. b3 Nf5 25. Kb2 Be2 26. Rh2 Bf3 27. Bd3
Qa5 28. Bxf5 Rxf5 29. Qe3 Be4 30. h5 Rxh5 31. Rxh5 gxh5 32. Rg8+ Kd7 33. Rg7
Kc6 34. f5 Rc7 35. fxe6 fxe6 36. Qh6 Bf5 37. Rg5 Qa6 38. c4 dxc4 39. Rxf5 c3+
40. Bxc3 Qe2+ 41. Bd2 Kd5 42. Rf8 Qxe5+ 43. Ka3 Qd6+ 44. Bb4 Qa6+ 45. Kb2 Qe2+
46. Qd2+ Qxd2+ 47. Bxd2 Rh7 48. Rf3 e5 49. Bc3 e4 50. Rh3 Ke6 51. Kc2 Kf5 52.
Rh4 b5 53. Kd2 Rd7+ 54. Ke2 Rc7 55. Bd2 1-0

[Event "BL 1112 Hamburger SK - SC Eppingen"]
[Site "?"]
[Date "2012.02.26"]
[Round "11.3"]
[White "Balogh, Csaba"]
[Black "Hansen, Sune Berg"]
[Result "1/2-1/2"]
[WhiteElo "2662"]
[BlackElo "2566"]
[PlyCount "100"]
[EventDate "2012.??.??"]

1. e4 e5 2. Nf3 Nc6 3. Bb5 a6 4. Ba4 Nf6 5. O-O Be7 6. d3 b5 7. Bb3 d6 8. a4
Bd7 9. c3 O-O 10. Nbd2 Na5 11. Bc2 c5 12. Re1 Re8 13. Nf1 Nc6 14. h3 h6 15. Ne3
Bf8 16. Nh2 Ne7 17. Bb3 Ng6 18. Nhg4 Nxg4 19. hxg4 Be6 20. Bxe6 fxe6 21. axb5
axb5 22. Rxa8 Qxa8 23. g5 hxg5 24. g3 Qb7 25. Qh5 Qf7 26. Ng4 Nh8 27. Qxg5 Qg6
28. Qxg6 Nxg6 29. Bd2 Ra8 30. Kf1 Ra2 31. Rb1 Ne7 32. Ke2 Nc6 33. Kd1 Be7 34.
Kc2 Kf7 35. Rh1 Ra8 36. f4 exf4 37. gxf4 d5 38. Be3 Ra4 39. exd5 exd5 40. Rh5
d4 41. cxd4 Kg6 42. Rh8 Nxd4+ 43. Kd2 Rb4 44. Ne5+ Kf6 45. Bxd4 Rxd4 46. Nc6
Rxf4 47. Nxe7 Kxe7 48. Rh5 Kd6 49. Rg5 Rf7 50. b4 cxb4 1/2-1/2

[Event "BL 1112 Hamburger SK - SC Eppingen"]
[Site "?"]
[Date "2012.02.26"]
[Round "11.4"]
[White "Huschenbeth, Niclas"]
[Black "Postny, Evgeny"]
[Result "1/2-1/2"]
[WhiteElo "2510"]
[BlackElo "2622"]
[PlyCount "119"]
[EventDate "2012.??.??"]

1. e4 e5 2. Nf3 Nc6 3. Bb5 Nf6 4. O-O Nxe4 5. d4 Nd6 6. dxe5 Nxb5 7. a4 Nbd4 8.
Nxd4 Nxd4 9. Qxd4 d5 10. exd6 Qxd6 11. Qe3+ Be7 12. Nc3 c6 13. Re1 Be6 14. Ne4
Qc7 15. Nc5 Bxc5 16. Qxc5 Qe7 17. Qe5 O-O 18. Bh6 gxh6 19. Ra3 Qg5 20. Rg3 Bg4
21. h3 Qxe5 22. Rxe5 Rfe8 23. Rxg4+ Kf8 24. Rxe8+ Rxe8 25. Kf1 Re5 26. Rd4 Ke7
27. f4 Rc5 28. c3 a5 29. Ke2 b5 30. Kd3 bxa4 31. Rxa4 Rb5 32. Kc2 h5 33. Re4+
Kd6 34. g3 f6 35. Re8 Rb7 36. Ra8 Rg7 37. Rxa5 Rxg3 38. Rxh5 Rf3 39. b4 Rxf4
40. Rxh7 f5 41. Kd3 Rf3+ 42. Kd4 Rf4+ 43. Ke3 Rf1 44. h4 Rc1 45. Kd2 Rh1 46. h5
Rh2+ 47. Ke1 Rc2 48. h6 Rxc3 49. Rh8 Re3+ 50. Kf2 Re7 51. Kf3 Ke5 52. h7 f4 53.
Kg4 Ke4 54. Kg5 f3 55. Kf6 Re5 56. Kg6 Re6+ 57. Kg5 Re5+ 58. Kg6 Re6+ 59. Kg5
Re5+ 60. Kg6 1/2-1/2

[Event "BL 1112 Hamburger SK - SC Eppingen"]
[Site "?"]
[Date "2012.02.26"]
[Round "11.5"]
[White "Braun, Arik"]
[Black "Ftacnik, Lubomir Dr"]
[Result "1/2-1/2"]
[WhiteElo "2560"]
[BlackElo "2570"]
[PlyCount "67"]
[EventDate "2012.??.??"]

1. d4 Nf6 2. c4 g6 3. Nf3 Bg7 4. g3 d5 5. cxd5 Nxd5 6. Bg2 Nb6 7. O-O Nc6 8. e3
O-O 9. Nc3 e5 10. d5 Na5 11. e4 c6 12. Bg5 f6 13. Be3 cxd5 14. Bxb6 Qxb6 15.
Nxd5 Qd8 16. Rc1 Nc6 17. Qb3 Rf7 18. Rfd1 Be6 19. h4 Qf8 20. Kh2 Bg4 21. Bh3
Bxf3 22. Qxf3 f5 23. exf5 gxf5 24. Ne3 Nd4 25. Rxd4 exd4 26. Nxf5 Rd8 27. Qd3
Qb4 28. Rc2 Qa5 29. a3 Rdf8 30. b4 Qd5 31. Rc5 Qa2 32. Rc2 Qd5 33. Rc5 Qa2 34.
Rc2 1/2-1/2

[Event "BL 1112 Hamburger SK - SC Eppingen"]
[Site "?"]
[Date "2012.02.26"]
[Round "11.6"]
[White "Heinemann, Thies"]
[Black "Ruck, Robert"]
[Result "1/2-1/2"]
[WhiteElo "2469"]
[BlackElo "2579"]
[PlyCount "67"]
[EventDate "2012.??.??"]

1. e4 c5 2. Nf3 d6 3. d4 cxd4 4. Nxd4 Nf6 5. Nc3 a6 6. Be3 Ng4 7. Bc1 Nf6 8.
Be3 e5 9. Nf3 Qc7 10. a4 Be7 11. Be2 O-O 12. O-O b6 13. Nd2 Be6 14. Bf3 Nbd7
15. Re1 Qb7 16. Nb3 Rfc8 17. Qd2 Rc7 18. Nc1 Rac8 19. N1a2 Bf8 20. Bg5 b5 21.
axb5 axb5 22. Rac1 b4 23. Nd5 Bxd5 24. exd5 Rc4 25. c3 bxc3 26. Rxc3 Rd4 27.
Qc2 Rxc3 28. Nxc3 h6 29. Be3 Rb4 30. Rb1 Rc4 31. Qd3 Rb4 32. Qc2 Rc4 33. Qd3
Rb4 34. Qc2 1/2-1/2

[Event "BL 1112 Hamburger SK - SC Eppingen"]
[Site "?"]
[Date "2012.02.26"]
[Round "11.7"]
[White "Guliyev, Namig"]
[Black "Reeh, Oliver"]
[Result "1/2-1/2"]
[WhiteElo "2554"]
[BlackElo "2453"]
[PlyCount "111"]
[EventDate "2012.??.??"]

1. e4 e5 2. Nf3 Nc6 3. Bc4 d6 4. O-O Be7 5. d4 Nf6 6. Re1 O-O 7. d5 Nb8 8. Bf1
Ne8 9. c4 Bg4 10. Nbd2 Nd7 11. h3 Bh5 12. b4 a5 13. bxa5 Rxa5 14. Nb3 Bxf3 15.
Qxf3 Ra4 16. g3 Bg5 17. Bb2 b6 18. h4 Bh6 19. a3 Qe7 20. Qd1 Ra8 21. a4 Nc5 22.
Nxc5 dxc5 23. Qh5 f6 24. Bh3 Nd6 25. Be6+ Kh8 26. Qe2 Qe8 27. a5 Rxa5 28. Rxa5
bxa5 29. Qc2 Qa8 30. Ba3 a4 31. Rb1 Qa5 32. Bd7 g6 33. Kg2 Rd8 34. Bc6 Bf8 35.
h5 g5 36. Qd3 h6 37. f4 gxf4 38. gxf4 Be7 39. Kh1 Rg8 40. Bb2 Nf7 41. Bc3 Qa6
42. Bd7 exf4 43. e5 Nxe5 44. Bxe5 fxe5 45. Be6 Qa8 46. Bxg8 Qxg8 47. Rg1 Bg5
48. Qf5 Qe8 49. Re1 Qxh5+ 50. Kg1 Qh4 51. Qxe5+ Bf6 52. Qe8+ Kg7 53. Qd7+ Kg6
54. Qe8+ Kg7 55. Qd7+ Kg6 56. Qe8+ 1/2-1/2

[Event "BL 1112 Hamburger SK - SC Eppingen"]
[Site "?"]
[Date "2012.02.26"]
[Round "11.8"]
[White "Sebastian, Dirk"]
[Black "Medvegy, Zoltan"]
[Result "1/2-1/2"]
[WhiteElo "2446"]
[BlackElo "2531"]
[PlyCount "62"]
[EventDate "2012.??.??"]

1. e4 c6 2. d4 d5 3. exd5 cxd5 4. Nf3 Nf6 5. Bf4 g6 6. c3 Nc6 7. Be2 Nh5 8. Be3
Bg7 9. O-O O-O 10. Ne5 Nf6 11. Nd2 Ne8 12. Nxc6 bxc6 13. Nb3 Nf6 14. Re1 Qb6
15. h3 a5 16. Nc5 Nd7 17. Na4 Qa7 18. Bd3 Ba6 19. Bxa6 Qxa6 20. b3 Qa7 21. Bc1
e6 22. Ba3 Rfc8 23. Rc1 Bf8 24. Bxf8 Kxf8 25. c4 Nb6 26. Nc5 Nd7 27. Na4 Nb6
28. Nc5 Rd8 29. Qf3 Kg8 30. Qe3 a4 31. Nd3 axb3 1/2-1/2